|
|
|
|
| LEADER |
00000cam a2200000 7i4500 |
| 001 |
0000066626 |
| 005 |
20161005.0 |
| 008 |
161005 |
| 020 |
|
|
|a 9830340635(set)
|
| 020 |
|
|
|a 983034066x
|
| 090 |
0 |
0 |
|a PLC
|b MAL
|
| 100 |
1 |
|
|a Suraya
|
| 245 |
1 |
0 |
|a Selangor Darul Ehsan
|c Suraya
|
| 260 |
|
|
|a Kuala Lumpur :
|b Penerbitan Hartamas ,
|c 1995
|
| 300 |
|
|
|a 42pg. :
|b col. ill.
|
| 490 |
1 |
|
|a Siri tanah airku
|
| 500 |
|
|
|a Children ages 7-9 years old (orange)
|
| 650 |
|
0 |
|a Selangor
|x History
|
| 999 |
|
|
|a 0000584916
|b Book
|c Children Collection
|e Cawangan Bandar Penawar
|
| 999 |
|
|
|a 0000584924
|b Book
|c Children Collection
|e Cawangan Mersing
|
| 999 |
|
|
|a 0000584927
|b Book
|c Children Collection
|e Cawangan Tmn. Ungku Tun Aminah
|
| 999 |
|
|
|a 0000584928
|b Book
|c Children Collection
|e Cawangan Pontian
|
| 999 |
|
|
|a 0000797844
|b Book
|c Children Collection
|e Cawangan Segamat
|
| 999 |
|
|
|a 0000799277
|b Book
|c Children Collection
|e Cawangan Pontian
|
| 999 |
|
|
|a 0000817368
|b Book
|c Children Collection
|e Cawangan Bandar Penawar
|
| 999 |
|
|
|a 0000818913
|b Book
|c Children Collection
|e Cawangan Mersing
|
| 999 |
|
|
|a 0000931918
|b Book
|c Children Collection
|e Cawangan Tangkak
|
| 999 |
|
|
|a 0000931919
|b Book
|c Children Collection
|e Cawangan Tangkak
|
| 999 |
|
|
|a 0000931920
|b Book
|c Children Collection
|e Cawangan Tangkak
|
| 999 |
|
|
|a 0000946134
|b Book
|c Children Collection
|e Cawangan Taman Sri Lambak
|
| 999 |
|
|
|a 0000946135
|b Book
|c Children Collection
|e Cawangan Taman Sri Lambak
|
| 999 |
|
|
|a 0000946136
|b Book
|c Children Collection
|e Cawangan Taman Sri Lambak
|